| 000 | 00577nam a2200241 a 4500 | ||
|---|---|---|---|
| 001 | nice12345678 | ||
| 003 | IN_TiNIC | ||
| 005 | 20260116011553.0 | ||
| 008 | 050524s1901 edia grp 000 0 eng | ||
| 020 |
_a _c100 |
||
| 082 | 0 | 0 |
_a297.63 _bJOH |
| 100 | _aJohnstone, P De Lacy | ||
| 245 | _aMuhammad and His Power | ||
| 260 |
_aEdinburgh _bT & T Clark _c1901 |
||
| 300 | _a238p | ||
| 500 | _aincludes index and biblioraphy | ||
| 505 | 2 | _aIndex | |
| 650 | _aMuhammad, Prophet | ||
| 700 | 1 | _aJohnstone, P De Lacy | |
| 902 | _bSRS | ||
| 942 | _cBK | ||
| 999 |
_c2674 _d2674 |
||